=LDR 00000nam 2200000 4500 =001 INLIS000000000017030 =005 20130612112230 =008 ***********************************Ind** =035 ##$$0010-061300000017030 =041 ##$$a Ind =082 ##$$a 2x3.46 =090 ##$$a 2x3.46, Sya n =100 ##$$a Sya'ban, Hilmi Ali =245 ##$$a Nabi Zakaria, seri para nabi, Helmi Ali Sya'ban ; pernerjemah, M. Alaika Salamullah =260 ##$$a 2004 $b Yogyakarta =300 ##$$a vii, 79 hlm, 20 cm =650 ##$$a Cerita rakyat =850 ##$$a NBPNMAT